Database systems : a practical approach to design, implementation, and management

সংরক্ষণ করুন:
গ্রন্থ-পঞ্জীর বিবরন
প্রধান লেখক: Connolly, Thomas M.
বিন্যাস: গ্রন্থ
প্রকাশিত: Pearson
ট্যাগগুলো: ট্যাগ যুক্ত করুন
কোনো ট্যাগ নেই, প্রথমজন হিসাবে ট্যাগ করুন!

MARC

LEADER 00000nam a2200000Ia 4500
005 20260515061614.0
100 |a Connolly, Thomas M. 
020 |a 9789353438913 
942 |c BK 
245 |a Database systems : a practical approach to design, implementation, and management  
260 |b Pearson 
999 |c 18  |d 18 
952 |0 0  |1 0  |4 0  |7 0  |a ABDN  |b ABDN  |d 2026-05-15  |l 0  |p 000008  |r 2026-05-15 06:16:14  |w 2026-05-15  |y BK